BTS band members - Statistics

General Stats
  • This quiz has been taken 1,160 times
  • The average score is 7 of 7
Answer Stats
Hint Answer % Correct
Rap Monster Kim Namjoon
99%
V Kim Taehyung
99%
Jungkook Jeon Jungkook
98%
Jimin Park Jimin
98%
Jin Kim Seokjin
97%
Suga Min Yoongi
97%
J-Hope Jung Hoseok
95%
No matching quizzes found
Score Distribution
Percent of People with Each Score
Percentile by Number Answered
Your Score History
You have not taken this quiz